Formule 1 - Origines des pilotes de 2020 - Statistiques

Statistiques générales
  • Ce quiz a été pris 134 fois
    133 depuis la dernière actualisation
  • Le résultat moyen est 23 sur 26
Statistiques - réponses
Pilotes Origines % Correct
Fernando Alonso Espagne
98%
Pierre Gasly France
98%
Lewis Hamilton Royaume-Uni
98%
Nico Hulkenberg Allemagne
97%
Romain Grosjean France
97%
Charles Leclerc Monaco
97%
George Russell Royaume-Uni
97%
Carlos Sainz Espagne
96%
Esteban Ocon France
96%
Antonio Giovinazzi Italie
96%
Max Verstappen Pays-Bas
96%
Lando Norris Royaume-Uni
96%
Mick Schumacher Allemagne
95%
Valtteri Bottas Finlande
93%
Sebastien Vettel Allemagne
92%
Daniel Ricciardo Australie
92%
Sergio Pérez Mexique
92%
Alex Albon Thaïlande
92%
Lance Stroll Canada
87%
Kevin Magnussen Danemark
86%
Kimi Raikkonen Finlande
86%
Daniil Kvyat Russie
80%
Nicholas Lafiti Canada
69%
Robert Kubica Pologne
69%
Pietro Fittipaldi Brésil
67%
Jack Aitken Royaume-Uni
64%
Aucun quiz correspondant
Distribution des résultats
% des personnes avec chaque résultat
Percentile par nombre de réponses
Votre historique - résultats
Vous n’avez pas pris ce quiz depuis la dernière actualisation